Methoden zur Messung und Beeinflussung der Dienstleistungsqualität Feedback- und Anreizsysteme in Beherbergungsunternehmen

Saved in:
Bibliographic Details
Main Author: Westerbarkey, Peter
Format: Book
Language:German
Published: Wiesbaden Deutscher Universitäts Verlag 1996
Series:Gabler Edition Wissenschaft
Subjects:
Tags: Add Tag
No Tags, Be the first to tag this record!

MARC

LEADER 00000nam a2200000 4500
001 c017711
005 20230117075925.3
020 |a 3-8244-6310-5 
041 0 |a ger 
044 |a DE 
245 1 0 |a Methoden zur Messung und Beeinflussung der Dienstleistungsqualität  |b Feedback- und Anreizsysteme in Beherbergungsunternehmen  |c Peter Westerbarkey 
264 1 |a Wiesbaden  |b Deutscher Universitäts Verlag  |c 1996 
300 |a 347 s. 
490 1 |a Gabler Edition Wissenschaft 
830 0 |a Gabler Edition Wissenschaft 
610 2 0 |a služby 
610 2 0 |a ubytovanie 
610 2 0 |a hotely 
610 2 0 |a motely 
610 2 0 |a penzióny 
610 2 0 |a kvalita 
610 2 0 |a vedenie podniku 
610 2 0 |a riadenie podnikové 
610 2 0 |a manažment 
610 2 0 |a spolupracovníci 
610 2 0 |a výkony pracovné 
610 2 0 |a výkonnosť 
610 2 0 |a motivácia pracovná 
610 2 0 |a koncepcie 
610 2 0 |a modely 
610 2 0 |a zákazníci 
610 2 0 |a údaje štatistické 
100 1 |a Westerbarkey, Peter